000
00456nam a2200181Ia 4500
008
151202s9999||||xx |||||||||||||| ||und||
082
_b
PNVM-52198
100
_a
बोराडे रा.रं.
245
_a
वरात.
260
_b
---
260
_c
0
300
_a
0
600
_a
बोराडे रा.रं.
630
_a
वरात.
700
_a
बोराडे रा.रं.
730
_a
वरात.
942
_c
BOOK
999
_c
1318738
_d
1318735